000 01411nam0a2200361 4500
001 RU\NLR\bibl\262857
005 20260408182445.0
010 _a5-93-439-055-4
_92000
021 _aRU
_b2002-2658
_9132
035 _a(NLR Aleph) 000258487
090 _a1509537
_c1509537
100 _a20020426d2001 |||y0rusy50 ca
101 0 _arus
102 _aRU
105 _ay |||||||||
200 1 _aСудебное следствие в суде присяжных: законодательство, теория, практика
_eНауч.-практ. пособие
_fС. А. Насонов
_g[Независимый эксперт.-правовой совет]
210 _aМ.
_cР. Валент
_d2001
215 _a189, [1] с.
_d21
320 _aБиблиогр.: с. 183-190
606 _aСуд присяжных
_jРуководства, пособия и т.п.
_3RU\NLR\auth\66972332
_91539530
610 0 _aСудебное следствие в уголовном процессе
610 0 _aСуды присяжных
675 _a343.139:343.16
_v3
_zrus
686 _a10.77
_2rugasnti
686 _a67.411
_2rubbk
686 _aХ629.38я7
700 1 _aНасонов
_bС. А.
_gСергей Александрович
_4070
801 0 _aRU
_bRKP
_c20020426
_gPSBO
801 1 _aRU
_bRKP
_c20020426
801 2 _aRU
_bNLR
_c20020527
_grcr
942 _cBOOK
980 _aNB